States that Take the Shortest to Drive: East-West - Statistics

General Stats
  • This quiz has been taken 39 times
  • The average score is 11 of 12
Answer Stats
State Time % Correct
Delaware 2h 1m
100%
Rhode Island 1h 38m
100%
Connecticut 2h 27m
97%
New Hampshire 2h 10m
97%
Vermont 3h 33m
97%
Indiana 4h 30m
94%
Maine 4h 56m
94%
New Jersey 2h 17m
94%
Illinois 4h 27m
88%
Massachusetts 4h 3m
88%
Ohio 4h 41m
82%
Alabama 4h 23m
79%
No matching quizzes found
Score Distribution
Percent of People with Each Score
Percentile by Number Answered
Your Score History
You have not taken this quiz